| 000 | 00506 a2200169 4500 | ||
|---|---|---|---|
| 020 | _a8129708450 | ||
| 040 |
_aDLC _bDLC |
||
| 082 | 0 | 0 | _a621.395 |
| 100 | 1 | _aGayakwad, Ramakant A. | |
| 245 | 1 | 0 |
_aOp-amps and linear integrated circuits _cRamakant A. Gayakwad. |
| 250 | _a3rd ed. | ||
| 260 |
_aEnglewood Cliffs, N.J. : _bRegents/Prentice Hall, _cc1993. |
||
| 300 |
_axv, 640 p. : _bill. ; _c25 cm. |
||
| 650 | 0 | _aOperational amplifiers. | |
| 650 | 0 | _aLinear integrated circuits. | |
| 942 |
_cBK _k621.395 GAY _2ddc |
||
| 999 |
_c4771 _d4771 |
||